000
00203 a2200097 4500
001
46972
100
_a
Wykes A
245
_a
The Restless Atom
260
_a
London
_b
Heinemann
_c
090
_c
30042
_d
30042
942
_a
NUST-CAE
_c
M
_c
22273
999
_c
282045
_d
282045